Statistiken für Deutsche Sprache, schwere Sprache

Klicken Sie hier um das Quiz zu spielen!

Allgemein

  • Dieses Quiz wurde 150 mal gespielt
  • Das Durchschnittsergebnis liegt bei 8 aus 14

Antwortstatistiken

FrageAntwort% Korrekt
Chris, Daniel und Philipp spielen Quizduell. Nach dem Quiz zur deutschen Grammatik sagt Daniel zu seinen Freunden: „Deutsche Grammatik? Das ist genau mein Thema!" Welche Aussage über die Geschichte stimmt?Die Geschichte enthält wörtliche Rede.
69%
Was hiervon gibt es nicht in der Grammatik der deutschen Sprache?Adverbiale Bestimmungen der Kommunikation
67%
Die Dativ-Pluralform von "die sprachlich gebildeten Streamer" ist:den sprachlich gebildeten Streamern
64%
In welchem dieser vier Sätze wurde sinnvoll das Plusquamperfekt benutzt?Nachdem er sein Opfer erschossen hatte, versuchte er zunächst, die Tatwaffe loszuwerden.
64%
Was braucht ein korrekter deutscher Hauptsatz auf jeden Fall für Satzglieder?Subjekt, Prädikat
64%
In welchem dieser 4 Sätze wurde das Futur II bzw. Futur 2 benutzt?Wenn er weiter so viel Zeit am Spielautomaten verbringt, wird er bald all sein Geld verloren haben.
64%
Welcher der vier Begriffe bezeichnet kein Metrum (Versmaß)?Pondäus
63%
Welche Aussage ist richtig über den folgenden Satz: "Mein Hund hat seinen Knochen vergraben, meine Katze ihre Pfoten in der Schranktür eingeklemmt und meine Schildkröte scheint ihr neues Futter nicht zu mögen."enthält 3 Akkusativobjekte
58%
Wie schreibt man eigentlich...Cappuccino
45%
"Der musikalische Elefant trompetet täglich tierisch tolle Texte in die Welt hinaus, der gewiefte Fuchs stiehlt stets vorzüglich schmeckendes Fleisch aus der Speisekammer" ...enthält welche sprachlichen Stilmittel?Eine Alliteration, einen Parallelismus
45%
"Goethe hat ein herausragendes literarisches Werk hinterlassen, Beethoven hat ein herausragendes musikalisches Werk hinterlassen." ...ist:eine Satzreihe
44%
"Jene, die die Grammatik dieses Satzes durchdrungen haben, müssen sich keine Sorgen mehr über die Beantwortung der Frage machen" ...beinhaltet:einen Relativsatz
37%
"Dieser neue Chef, Herr Braun, hat nicht mehr alle Latten am Zaun und seine olle Frau, die Hanne, nicht mehr alle Nadeln an der Tanne, selbst deren Hund, der Frank, hat nicht mehr alle Tassen im Schrank." ...enthält2 Possessivpronomen (alte Bezeichnung) bzw. Possessivartikel (moderne Bezeichnung)
36%
"Meine Oma ist selbst nicht mehr in der Lage, sich um ihren Garten zu kümmern, wenn ich also heute Sport mache, werde ich morgen zu erschöpft sein, um das Unkraut in ihrem Garten, von dem sie sich schon seit Langem wünscht, dass er nicht mehr so unordentlich ist, zu jäten" ...enthält wie viele Nebensätze?5
30%

Verteilung der Resultate

Perzentil nach korrekt beantworteten Fragen

Anzahl Personen mit jedem Resultat

Ihre Resultats-Entwicklung

Sie haben dieses Quiz noch nicht gespielt